000 02083cam a22004694i 4500
003 PE-LiUPU
005 20250731173416.0
008 150706s r 000 0 d
020 _a9788482675619
035 _a(Sirsi) i9788482675619
040 _aPE-LiUPU
_bspa
_cPE-LiUPU
_erda
049 _aPRUA
082 0 4 _a253.5
_bA33
_221
100 1 _aÁlamo Carrasco, Pedro,
_eautor.
245 1 0 _aConsejería de la persona :
_brestaurar desde la comunidad cristiana /
_cPedro álamo Carrasco.
264 1 _aViladecavalls :
_bCLIE,
_c2011.
300 _a241 páginas :
_bilustraciones ;
_c21 cm.
336 _atext
_2rdacontent
337 _aunmediated
_2rdamedia
338 _avolume
_2rdacarrier
504 _aIncluye bibliografía.
505 0 _a¿Qué es la restauración espiritual? -- Agentes de restauración: la persona afectada -- Agentes de restauración: Dios -- Agentes de restauración: los pastores -- Agentes de restauración: la comunidad cristiana -- Principios y fundamentos de la restauración eficaz -- Metas de restauración -- El proceso de restauración: generalidades -- El proceso de restauración: pasos -- Algunos ejemplos bíblicos de restauración -- Llamados a restaurar a los heridos -- Cualidades pastorales -- Entregar a Satanás.
526 _aSEG42
526 _aSEG41
526 _aSEG40
526 _aSEG39
526 _aP94
526 _aP87
526 _aP86
526 _aP85
526 _aP77
526 _aP76
526 _aP35
541 _g001-0000567;
650 0 4 _aConsejería Pastoral.
_91495
910 _agl20120521
942 _2ddc
_cBOOK
949 _a253.5 A33
_wDEWEY
_c1
_i64901
_lCCODEBUL1
_mBUL
_p14.00
_r0
_sY
_tBOOK
_u2015-7-6
_xTEOLOGIA
_PP35
_o.STAFF. Colección General
994 _aC0
_bPEPRU
596 _a1
999 _a253.5 A33
_wDEWEY
_c53398
_i64901
_d53398
_f2021-11-10
_g5
_lCCODEBUL1
_mBUL
_p14.00
_q1
_r0
_sY
_tBOOK
_u2015-7-6
_xTEOLOGIA
_PP35
_0COMPRA
_o.STAFF. Colección General
980 _81
_gALBERTO SANCHEZ Responsable de Automatización